Trees and shrubs: Hardy in the British isles. V 1. (Record no. 28746)
[ view plain ]
| 000 -LEADER | |
|---|---|
| fixed length control field | 00373nam a2200145Ia 4500 |
| 082 ## - DEWEY DECIMAL CLASSIFICATION NUMBER | |
| Classification number | 635.054(41) |
| Item number | BEA.1 |
| 100 ## - MAIN ENTRY--AUTHOR NAME | |
| Personal name | BEAN, W J |
| 245 #0 - TITLE STATEMENT | |
| Title | Trees and shrubs: Hardy in the British isles. V 1. |
| 250 ## - EDITION STATEMENT | |
| Edition statement | Ed.8 |
| 260 ## - PUBLICATION, DISTRIBUTION, ETC. (IMPRINT) | |
| Place of publication | Great Britain |
| Name of publisher | Butler & Tanner |
| Year of publication | 1950 |
| 650 ## - SUBJECT ADDED ENTRY--TOPICAL TERM | |
| Topical Term | Shrub |
| 650 ## - SUBJECT ADDED ENTRY--TOPICAL TERM | |
| Topical Term | Trees |
| 942 ## - ADDED ENTRY ELEMENTS (KOHA) | |
| Koha item type | Books |
| Withdrawn status | Lost status | Damaged status | Not for loan | Home library | Current library | Date acquired | Full call number | Accession Number | Koha item type |
|---|---|---|---|---|---|---|---|---|---|
| RRII Library | RRII Library | 16/12/2021 | 635.054(41) BEA.1 | 09340 | Books |